[Event "AUT-chT District U18 Online Rapid"]
[Site "Playchess.com INT"]
[Date "2020.12.12"]
[Round "6"]
[White "Doujak, Gabriel Andreas"]
[Black "Pernerstorfer, Moritz"]
[Result "1/2-1/2"]
[WhiteElo "1719"]
[BlackElo "1704"]
[PlyCount "86"]
[EventDate "2020.12.12"]
[EventType "team-swiss (rapid)"]
[EventRounds "9"]
[EventCountry "AUT"]
[SourceTitle "EXT 2022"]
[Source "ChessBase"]
[SourceDate "2021.10.06"]
[SourceVersion "1"]
[SourceVersionDate "2021.10.06"]
[SourceQuality "1"]

1. e4 d6 2. d4 g6 3. Nc3 Bg7 4. Be3 Nd7 5. g3 e5 6. Nge2 f5 7. Bg2 Ngf6 8. h3 0-0 9. Qd2 Nb6 10. b3 Qe7 11. exf5 gxf5 12. dxe5 dxe5 13. 0-0-0 e4 14. Bh6 Be6 15. Bxg7 Qxg7 16. Nf4 Bf7 17. Kb1 Nh5 18. Rhg1 Kh8 19. Nce2 Nxf4 20. Nxf4 Qf6 21. Qd4 Qxd4 22. Rxd4 Rad8 23. Rgd1 Rxd4 24. Rxd4 Kg7 25. Bf1 Kf6 26. Kc1 Ke7 27. c3 Rd8 28. Rxd8 Kxd8 29. Kd2 Ke7 30. Ke3 Kd6 31. Be2 Ke5 32. c4 Nd7 33. f3 Nf6 34. fxe4 fxe4 35. g4 c5 36. Bd1 b6 37. Bc2 h6 38. Ne2 Bg8 39. Ng3 Bh7 40. Bb1 Bg6 41. Bc2 Bh7 42. Bb1 Bg6 43. Bc2 Bh7 1/2-1/2

[Event "AUT-chT District U18 Online Rapid"]
[Site "Playchess.com INT"]
[Date "2020.12.12"]
[Round "7"]
[White "Moerwald, Miriam"]
[Black "Doujak, Gabriel Andreas"]
[Result "1/2-1/2"]
[WhiteElo "1536"]
[BlackElo "1718"]
[PlyCount "67"]
[EventDate "2020.12.12"]
[EventType "team-swiss (rapid)"]
[EventRounds "9"]
[EventCountry "AUT"]
[SourceTitle "EXT 2022"]
[Source "ChessBase"]
[SourceDate "2021.10.06"]
[SourceVersion "1"]
[SourceVersionDate "2021.10.06"]
[SourceQuality "1"]

1. e4 c6 2. Nf3 d5 3. Nc3 Bg4 4. h3 Bxf3 5. Qxf3 e6 6. d4 dxe4 7. Qxe4 Nf6 8. Qd3 Bd6 9. g3 0-0 10. Bg2 Nbd7 11. 0-0 Nb6 12. b3 Qd7 13. Bb2 Rfd8 14. Rad1 Rac8 15. Ne2 Qe7 16. c4 Bb8 17. Qe3 Rd7 18. Nf4 Bxf4 19. Qxf4 Rcd8 20. Rfe1 Nc8 21. Qc1 Qd6 22. Bf3 b6 23. Qg5 h6 24. Qc1 Nh7 25. Re3 Ng5 26. Bg2 Ne7 27. Red3 Qc7 28. Qc3 f6 29. h4 Nh7 30. Bf1 Nf5 31. Bh3 g6 32. Qc2 Kf7 33. R3d2 Qd6 34. Bg2 1/2-1/2

[Event "AUT-chT District U18 Online Rapid"]
[Site "Playchess.com INT"]
[Date "2020.12.12"]
[Round "5"]
[White "Peyrer, Konstantin"]
[Black "Doujak, Gabriel Andreas"]
[Result "0-1"]
[WhiteElo "2247"]
[BlackElo "1686"]
[PlyCount "72"]
[EventDate "2020.12.12"]
[EventType "team-swiss (rapid)"]
[EventRounds "9"]
[EventCountry "AUT"]
[SourceTitle "EXT 2022"]
[Source "ChessBase"]
[SourceDate "2021.10.06"]
[SourceVersion "1"]
[SourceVersionDate "2021.10.06"]
[SourceQuality "1"]

1. Nf3 Nf6 2. g3 g6 3. Bg2 Bg7 4. 0-0 0-0 5. d4 d6 6. c3 Ne4 7. Nbd2 Nxd2 8. Bxd2 e5 9. dxe5 dxe5 10. Bg5 f6 11. Qb3+ Kh8 12. Nxe5 fxg5 13. Nf7+ Rxf7 14. Qxf7 Qd7 15. Qb3 Nc6 16. Rad1 Qe7 17. Rd2 Ne5 18. Rfd1 Be6 19. Qxb7 Rf8 20. Qxa7 Ng4 21. e3 Ne5 22. b3 Bg4 23. Rc1 Nf3+ 24. Bxf3 Bxf3 25. Qa6 g4 26. Qc4 Rf5 27. Qb4 Qg5 28. Qb8+ Rf8 29. Qxc7 Qh5 30. Qc4 Qh3 31. Qf1 Qh5 32. b4 Rf5 33. c4 Qxh2+ 34. Kxh2 Rh5+ 35. Qh3 Rxh3+ 36. Kg1 Rh1# 0-1

[Event "AUT-ch U16 Online Blitz"]
[Site "Playchess.com INT"]
[Date "2020.12.11"]
[Round "6"]
[White "Doujak, Gabriel Andreas"]
[Black "Weichhart, Daniel"]
[Result "1-0"]
[WhiteElo "1687"]
[BlackElo "1786"]
[PlyCount "45"]
[EventDate "2020.12.11"]
[EventType "swiss (blitz)"]
[EventRounds "7"]
[EventCountry "AUT"]
[SourceTitle "EXT 2022"]
[Source "ChessBase"]
[SourceDate "2021.10.06"]
[SourceVersion "1"]
[SourceVersionDate "2021.10.06"]
[SourceQuality "1"]

1. e4 e6 2. d4 d5 3. Nd2 c5 4. exd5 Qxd5 5. Ngf3 cxd4 6. Bc4 Qd7 7. 0-0 Nf6 8. Nb3 a6 9. Nbxd4 Bc5 10. Re1 0-0 11. c3 b5 12. Bf1 Nc6 13. Nxc6 Qxc6 14. Be3 Bxe3 15. Rxe3 Bb7 16. Qc2 Rfd8 17. Rd1 Nd5 18. Red3 Qc7 19. Qd2 Kf8 20. Qg5 Nf6 21. Ne5 h6 22. Qe3 Nd5 23. Qe1 1-0

[Event "AUT-ch Vor4 Internet"]
[Site "Playchess.com INT"]
[Date "2020.04.25"]
[Round "2"]
[White "Moerwald, Miriam"]
[Black "Doujak, Gabriel Andreas"]
[Result "0-1"]
[WhiteElo "1760"]
[BlackElo "1980"]
[PlyCount "94"]
[EventDate "2020.04.25"]
[EventType "swiss (blitz)"]
[EventRounds "9"]
[EventCountry "AUT"]
[SourceTitle "EXT 2021"]
[Source "ChessBase"]
[SourceDate "2020.10.23"]
[SourceVersion "1"]
[SourceVersionDate "2020.10.23"]
[SourceQuality "1"]

1. e4 c6 2. Nc3 d5 3. Nf3 Bg4 4. h3 Bxf3 5. Qxf3 e6 6. d3 Nf6 7. e5 Nfd7 8. d4 c5 9. Nb5 a6 10. Nd6+ Bxd6 11. exd6 cxd4 12. Qg3 Qf6 13. Bg5 Qe5+ 14. Qxe5 Nxe5 15. Be7 Nbc6 16. 0-0-0 Ng6 17. Bh4 Kd7 18. Bg3 e5 19. Be2 Kxd6 20. Bg4 Nce7 21. Rxd4 f5 22. Bf3 f4 23. Bh2 exd4 24. Rd1 Nc6 25. g3 fxg3 26. Bxg3+ Kc5 27. a4 Rhe8 28. b4+ Nxb4 29. Kb2 Re7 30. c3 dxc3+ 31. Kxc3 Rc8 32. Kb3 a5 33. Bh4 Rec7 34. Bg5 Kd6 35. Bd2 b6 36. Bg4 Re8 37. Bf3 Ne5 38. Bf4 Ke6 39. Bh5 g6 40. Be2 Kf5 41. Bg3 h5 42. Rd4 Rec8 43. Rf4+ Ke6 44. Kb2 Rc2+ 45. Kb1 Rxe2 46. Rf3 Rcc2 47. Rb3 Nc4 0-1

[Event "AUT-ch Vor3 Internet"]
[Site "Playchess.com INT"]
[Date "2020.04.17"]
[Round "3"]
[White "Ploeckinger, Paul"]
[Black "Doujak, Gabriel Andreas"]
[Result "0-1"]
[WhiteElo "1334"]
[BlackElo "1980"]
[PlyCount "136"]
[EventDate "2020.04.17"]
[EventType "swiss (blitz)"]
[EventRounds "9"]
[EventCountry "AUT"]
[SourceTitle "CBM 195 Extra"]
[Source "ChessBase"]
[SourceDate "2020.05.31"]
[SourceVersion "1"]
[SourceVersionDate "2020.05.31"]
[SourceQuality "1"]

1. c4 Nf6 2. Nc3 d5 3. cxd5 Nxd5 4. g3 g6 5. Bg2 c6 6. Nf3 Bg7 7. 0-0 0-0 8. Re1 Nd7 9. e4 Nxc3 10. bxc3 e5 11. d4 b6 12. Bb2 Bb7 13. Rb1 Re8 14. Qb3 Qc7 15. Rbd1 Rad8 16. d5 cxd5 17. exd5 Nc5 18. Qb4 Rxd5 19. Rxd5 Bxd5 20. c4 Bb7 21. Qd2 Rd8 22. Qc2 e4 23. Nd2 f5 24. Bxg7 Qxg7 25. Rd1 Nd3 26. Nb3 Qe7 27. Bf1 Nc5 28. Rxd8+ Qxd8 29. Qb2 Nxb3 30. axb3 Qd6 31. Qa2 a5 32. Qa4 Qc6 33. Qxc6 Bxc6 34. Be2 Kf7 35. Kf1 Ke6 36. Ke1 Kd6 37. Kd2 Kc5 38. Kc3 b5 39. cxb5 Bxb5 40. Bd1 Bd3 41. h3 Bf1 42. h4 Bd3 43. f3 Bf1 44. fxe4 fxe4 45. Bg4 h6 46. Bd7 g5 47. Be6 Bd3 48. hxg5 hxg5 49. Bf5 Kd6 50. g4 Ke5 51. Bg6 Kf4 52. Bf5 Be2 53. Kd4 e3 54. Be6 Bxg4 55. Bxg4 Kxg4 56. Kxe3 Kh3 57. Kd4 g4 58. Kc5 g3 59. b4 g2 60. b5 g1Q+ 61. Kc6 Qb1 62. b6 a4 63. b7 Qc2+ 64. Kb6 Qb3+ 65. Ka6 a3 66. b8Q Qxb8 67. Ka5 a2 68. Ka4 a1Q# 0-1

[Event "AUT-ch Vor3 Internet"]
[Site "Playchess.com INT"]
[Date "2020.04.17"]
[Round "5"]
[White "Schein, Karl Heinz"]
[Black "Doujak, Gabriel Andreas"]
[Result "0-1"]
[WhiteElo "2187"]
[BlackElo "1980"]
[PlyCount "80"]
[EventDate "2020.04.17"]
[EventType "swiss (blitz)"]
[EventRounds "9"]
[EventCountry "AUT"]
[SourceTitle "CBM 195 Extra"]
[Source "ChessBase"]
[SourceDate "2020.05.31"]
[SourceVersion "1"]
[SourceVersionDate "2020.05.31"]
[SourceQuality "1"]

1. e4 c6 2. d4 d5 3. exd5 cxd5 4. Bd3 Nc6 5. c3 Nf6 6. h3 g6 7. Nf3 Bg7 8. 0-0 0-0 9. Re1 e6 10. Bf4 b6 11. Nbd2 a5 12. Ne5 Nxe5 13. Bxe5 Ba6 14. Bxa6 Rxa6 15. Qe2 Ra7 16. f4 Qd7 17. g4 Rc8 18. Rf1 Ne8 19. Nf3 Nd6 20. Bxg7 Kxg7 21. Ne5 Qe8 22. Qf3 Ne4 23. Rad1 f6 24. Nd3 Re7 25. Nf2 Nxf2 26. Rxf2 b5 27. Rdf1 b4 28. f5 exf5 29. gxf5 g5 30. Qxd5 bxc3 31. bxc3 Rxc3 32. Rf3 Ree3 33. Kg2 Re2+ 34. R1f2 Rcc2 35. Qb7+ Kh8 36. Qb6 Rxf2+ 37. Rxf2 Qe4+ 38. Kg1 Qe1+ 39. Rf1 Qg3+ 40. Kh1 Rh2# 0-1

[Event "AUT-ch Vor1 Internet"]
[Site "Playchess.com INT"]
[Date "2020.04.11"]
[Round "5"]
[White "Holzleithner, Johannes"]
[Black "Doujak, Gabriel Andreas"]
[Result "1-0"]
[WhiteElo "1979"]
[BlackElo "1980"]
[PlyCount "75"]
[EventDate "2020.04.11"]
[EventType "swiss (blitz)"]
[EventRounds "9"]
[EventCountry "AUT"]
[SourceTitle "CBM 195 Extra"]
[Source "ChessBase"]
[SourceDate "2020.05.31"]
[SourceVersion "1"]
[SourceVersionDate "2020.05.31"]
[SourceQuality "1"]

1. e4 d6 2. d4 Nf6 3. Nc3 g6 4. Be3 c6 5. Be2 Nbd7 6. f3 b5 7. Qd2 Nb6 8. b3 Bb7 9. g4 a5 10. g5 Nfd7 11. f4 e5 12. dxe5 dxe5 13. Nf3 exf4 14. Bd4 Rg8 15. Qxf4 Bc5 16. Rd1 Bxd4 17. Rxd4 Qe7 18. 0-0 0-0-0 19. Rfd1 f6 20. gxf6 Nxf6 21. Rxd8+ Rxd8 22. Rxd8+ Qxd8 23. Bf1 Ba6 24. Bh3+ Kb7 25. e5 Nfd5 26. Qf7+ Qc7 27. e6 Nc8 28. Nxd5 cxd5 29. Nd4 Nd6 30. Qd7 Qxd7 31. exd7 Kc7 32. Ne6+ Kxd7 33. Nc5+ Kc7 34. Nxa6+ Kb6 35. Nb8 Kc5 36. Kf2 Kb4 37. Be6 d4 38. Nc6+ 1-0

[Event "St Veit op 38th"]
[Site "St Veit"]
[Date "2019.07.12"]
[Round "8"]
[White "Higatsberger, Michael"]
[Black "Doujak, Gabriel Andreas"]
[Result "1/2-1/2"]
[WhiteElo "2135"]
[BlackElo "1920"]
[PlyCount "81"]
[EventDate "2019.07.06"]
[EventType "swiss"]
[EventRounds "9"]
[EventCountry "AUT"]
[SourceTitle "EXT 2020"]
[Source "ChessBase"]
[SourceDate "2019.10.17"]
[SourceVersion "1"]
[SourceVersionDate "2019.10.17"]
[SourceQuality "1"]

1. e4 d6 2. d4 Nf6 3. Nc3 g6 4. Be3 c6 5. h3 Nbd7 6. f4 b5 7. Bd3 Bb7 8. Nf3 Nb6 9. 0-0 Bg7 10. a4 Nc4 11. Bxc4 bxc4 12. e5 Nd5 13. Nxd5 cxd5 14. Qe1 Bc8 15. Nh4 0-0 16. b4 cxb3 17. cxb3 Ba6 18. Rf2 Qb6 19. Qd2 Qxb3 20. exd6 Bf6 21. dxe7 Bxe7 22. Nf3 f6 23. Qa5 Bc4 24. Bd2 Bd8 25. Qc5 Bb6 26. Qb4 Qxb4 27. Bxb4 Rfe8 28. a5 Bd8 29. Nd2 Be7 30. Bxe7 Rxe7 31. Nxc4 dxc4 32. Rc2 Rc8 33. Rac1 Rec7 34. d5 Kf7 35. d6 Rc6 36. d7 Rd8 37. Rxc4 Rxc4 38. Rxc4 Rxd7 39. Kf2 Re7 40. Kf3 f5 41. Rc6 1/2-1/2

[Event "AUT-ch U16"]
[Site "Sankt Veit an der Glan"]
[Date "2019.04.17"]
[Round "6"]
[White "Doujak, Gabriel Andreas"]
[Black "Lerch, Johannes"]
[Result "1/2-1/2"]
[WhiteElo "1886"]
[BlackElo "1624"]
[PlyCount "55"]
[EventDate "2019.04.14"]
[EventType "swiss"]
[EventRounds "7"]
[EventCountry "AUT"]
[SourceTitle "CBM 190 Extra"]
[Source "ChessBase"]
[SourceDate "2019.07.15"]
[SourceVersion "1"]
[SourceVersionDate "2019.07.15"]
[SourceQuality "1"]

1. e4 c5 2. Nf3 d6 3. d4 cxd4 4. Nxd4 Nf6 5. Nc3 g6 6. f3 Bg7 7. Be3 0-0 8. Bc4 Nc6 9. Qd2 Bd7 10. Bb3 Ne5 11. 0-0-0 Rc8 12. Kb1 Nc4 13. Bxc4 Rxc4 14. g4 a6 15. h4 Qc7 16. h5 Rc8 17. hxg6 fxg6 18. Rh2 Rxc3 19. Qxc3 Qxc3 20. bxc3 Rxc3 21. Bg5 Rc4 22. Bxf6 Bxf6 23. Nb3 Be5 24. Rf2 Bf4 25. Kb2 Be5+ 26. Kb1 Bf4 27. Kb2 Be5+ 28. Kb1 1/2-1/2

[Event "AUT-ch U16"]
[Site "Sankt Veit an der Glan"]
[Date "2019.04.16"]
[Round "4"]
[White "Doujak, Gabriel Andreas"]
[Black "Marakovits, Nico"]
[Result "1-0"]
[WhiteElo "1886"]
[BlackElo "1777"]
[PlyCount "91"]
[EventDate "2019.04.14"]
[EventType "swiss"]
[EventRounds "7"]
[EventCountry "AUT"]
[SourceTitle "CBM 190 Extra"]
[Source "ChessBase"]
[SourceDate "2019.07.15"]
[SourceVersion "1"]
[SourceVersionDate "2019.07.15"]
[SourceQuality "1"]

1. e4 c5 2. Nf3 e6 3. d4 cxd4 4. Nxd4 Nf6 5. Nc3 Nc6 6. Be3 Bb4 7. Bd3 d5 8. Nxc6 bxc6 9. exd5 cxd5 10. Bd2 0-0 11. a3 Be7 12. 0-0 Bb7 13. Re1 a6 14. Bf4 Re8 15. Qd2 Nd7 16. Rad1 Bf6 17. Bg3 Rc8 18. Kh1 Nc5 19. f4 g6 20. Bf2 Qc7 21. Bxc5 Qxc5 22. Na4 Qc6 23. b3 Qc7 24. c4 d4 25. b4 Bc6 26. Nc5 a5 27. b5 Bxg2+ 28. Kxg2 Qxc5 29. Qxa5 e5 30. fxe5 Rxe5 31. Rxe5 Qxe5 32. Qd2 Re8 33. a4 Bg5 34. Qf2 h5 35. a5 h4 36. a6 Kg7 37. Ra1 h3+ 38. Kh1 Qb8 39. Rf1 f6 40. Qf3 Re7 41. c5 Qe8 42. b6 Re3 43. Qb7+ Kh6 44. a7 Re1 45. a8Q Rxf1+ 46. Bxf1 1-0

[Event "St Veit op-B 37th"]
[Site "St Veit"]
[Date "2018.07.09"]
[Round "4"]
[White "Griessnig, Thomas"]
[Black "Doujak, Gabriel Andreas"]
[Result "0-1"]
[WhiteElo "1933"]
[BlackElo "1763"]
[PlyCount "100"]
[EventDate "2018.07.07"]
[EventType "swiss"]
[EventRounds "9"]
[EventCountry "AUT"]
[SourceTitle "EXT 2020"]
[Source "ChessBase"]
[SourceDate "2019.10.17"]
[SourceVersion "1"]
[SourceVersionDate "2019.10.17"]
[SourceQuality "1"]

1. d4 Nf6 2. Nf3 g6 3. g3 Bg7 4. Bg2 0-0 5. 0-0 d5 6. c4 c6 7. Nc3 dxc4 8. Qa4 Na6 9. Qxc4 Be6 10. Qa4 h6 11. Ne5 Qc8 12. Be3 Nc7 13. Rfd1 Ncd5 14. Bc1 Nxc3 15. bxc3 Nd7 16. Nxd7 Qxd7 17. e4 b5 18. Qc2 Bc4 19. Be3 e6 20. f4 f5 21. Rd2 Rfd8 22. Rad1 Qb7 23. a4 a6 24. a5 Rd7 25. Bf3 Rf8 26. Rg2 Kh7 27. g4 Qc7 28. Ra1 c5 29. gxf5 gxf5 30. exf5 exf5 31. Bg4 Rd5 32. Bf3 Rd7 33. Rd1 cxd4 34. Rgd2 d3 35. Qc1 Qxa5 36. Bc5 Rc8 37. Bb4 Qb6+ 38. Kh1 a5 39. Ba3 Qe3 40. Bg2 Bd5 41. Qb1 Bxg2+ 42. Rxg2 Qf3 43. Rf1 Qd5 44. Bb2 Bxc3 45. Rff2 Bxb2 46. Rxb2 Rc2 47. Rbxc2 dxc2 48. Qxc2 Qd1+ 49. Rg1 Qxc2 50. Rg7+ Rxg7 0-1

[Event "St Veit op-B 37th"]
[Site "St Veit"]
[Date "2018.07.08"]
[Round "3"]
[White "Doujak, Gabriel Andreas"]
[Black "Sovago, Philipp"]
[Result "1/2-1/2"]
[WhiteElo "1763"]
[BlackElo "1896"]
[PlyCount "57"]
[EventDate "2018.07.07"]
[EventType "swiss"]
[EventRounds "9"]
[EventCountry "AUT"]
[SourceTitle "EXT 2020"]
[Source "ChessBase"]
[SourceDate "2019.10.17"]
[SourceVersion "1"]
[SourceVersionDate "2019.10.17"]
[SourceQuality "1"]

1. e4 c5 2. Nf3 Nc6 3. d4 cxd4 4. Nxd4 Nf6 5. Nc3 e5 6. Ndb5 d6 7. Bg5 a6 8. Na3 b5 9. Nd5 Be7 10. Bxf6 Bxf6 11. c4 b4 12. Nc2 a5 13. g3 Bg5 14. h4 Bh6 15. Bh3 Bxh3 16. Rxh3 Ra7 17. Kf1 g6 18. b3 0-0 19. Nce3 Nd4 20. h5 Bg7 21. h6 Bh8 22. Qg4 f5 23. exf5 Nxf5 24. Nxf5 Rxf5 25. Ne3 Rf6 26. Nd5 Rf5 27. Ne3 Rf6 28. Nd5 Rf5 29. Ne3 1/2-1/2

[Event "AUT-ch U16"]
[Site "St Veit"]
[Date "2018.03.29"]
[Round "7"]
[White "Doujak, Gabriel Andreas"]
[Black "Bauer, Sebastian1111"]
[Result "0-1"]
[WhiteElo "1776"]
[BlackElo "2100"]
[PlyCount "98"]
[EventDate "2018.03.25"]
[EventType "swiss"]
[EventRounds "7"]
[EventCountry "AUT"]
[SourceTitle "EXT 2019"]
[Source "ChessBase"]
[SourceDate "2018.10.10"]
[SourceVersion "1"]
[SourceVersionDate "2018.10.10"]
[SourceQuality "1"]

1. e4 d5 2. exd5 Qxd5 3. Nc3 Qd6 4. d4 Nf6 5. Nf3 Nc6 6. Nb5 Qd8 7. Be3 Bg4 8. Be2 e6 9. 0-0 a6 10. Nc3 Bd6 11. h3 Bh5 12. Qd2 0-0 13. Rad1 Bb4 14. Ne5 Nxe5 15. dxe5 Qxd2 16. Bxd2 Bxc3 17. Bxh5 Bxe5 18. Bf3 Rab8 19. Bg5 Bd6 20. Bxf6 gxf6 21. a4 Kg7 22. g4 h5 23. Be2 hxg4 24. Bxg4 f5 25. Bf3 Kf6 26. Bg2 Rh8 27. Kh1 Rh4 28. b3 b6 29. Rd3 Rg8 30. Re1 e5 31. f3 Rh5 32. Rde3 Rhg5 33. R3e2 Rg3 34. Rf1 f4 35. Rff2 Bc5 36. Rf1 Be3 37. Kh2 Ke6 38. Kh1 f5 39. Kh2 R3g7 40. Rd1 Kf6 41. Kh1 Re8 42. Kh2 e4 43. Rf1 Ke5 44. Kh1 Rd7 45. Rfe1 Red8 46. Rf1 Rd2 47. Rfe1 Bf2 48. Rxd2 Rxd2 49. Rc1 e3 0-1

[Event "AUT-ch U14"]
[Site "St Veit"]
[Date "2017.06.04"]
[Round "3.10"]
[White "Doujak, Gabriel Andreas"]
[Black "Hager, Florian"]
[Result "1-0"]
[WhiteElo "1722"]
[BlackElo "1383"]
[PlyCount "137"]
[EventDate "2017.06.03"]
[EventType "swiss"]
[EventRounds "7"]
[EventCountry "AUT"]
[SourceTitle "EXT 2024"]
[Source "ChessBase"]
[SourceDate "2023.10.10"]
[SourceVersion "1"]
[SourceVersionDate "2023.10.10"]
[SourceQuality "1"]

1. e4 e5 2. Nf3 Nc6 3. Bb5 a6 4. Ba4 Bc5 5. 0-0 b5 6. Bb3 Nf6 7. d3 h6 8. c3 d6 9. h3 0-0 10. Nbd2 Bb7 11. Re1 Ne7 12. Nf1 Ng6 13. Ng3 Re8 14. Nf5 Ne7 15. N3h4 Bc8 16. Qf3 Nxf5 17. Nxf5 Bxf5 18. Qxf5 Rf8 19. Kh1 Qd7 20. Qf3 c6 21. Bxh6 gxh6 22. Qxf6 Kh7 23. d4 exd4 24. cxd4 Bb6 25. Re3 Bd8 26. Qf3 Bg5 27. Re2 Rad8 28. Bc2 Kh8 29. Qh5 Kg8 30. Rf1 Qe6 31. Qg4 Qxg4 32. hxg4 Rde8 33. f4 Bh4 34. Rf3 d5 35. e5 Bd8 36. Bf5 Re7 37. Rc2 Rc7 38. Rfc3 Bh4 39. g3 Be7 40. Rxc6 Rxc6 41. Rxc6 a5 42. Bd3 b4 43. b3 Ra8 44. Rc7 Bf8 45. Rd7 Rc8 46. Rxd5 Rc1+ 47. Kg2 Rd1 48. Bc4 Rd2+ 49. Kf3 Rxa2 50. Bb5 Rc2 51. Ba4 Rc3+ 52. Kg2 Rc2+ 53. Kh3 Rc1 54. Rxa5 Rh1+ 55. Kg2 Rd1 56. Rd5 Rd2+ 57. Kh3 Rd1 58. Rd7 Rh1+ 59. Kg2 Re1 60. Bb5 Re4 61. Bc4 Be7 62. Rxe7 h5 63. Rxf7 Kh8 64. gxh5 Rxe5 65. dxe5 Kg8 66. Ra7+ Kf8 67. h6 Ke8 68. h7 Kf8 69. h8R# 1-0

[Event "AUT-ch U12"]
[Site "St Veit"]
[Date "2016.05.14"]
[Round "1"]
[White "Guskic, Andrija"]
[Black "Doujak, Gabriel Andreas"]
[Result "1-0"]
[WhiteElo "1669"]
[BlackElo "1315"]
[PlyCount "27"]
[EventDate "2016.05.14"]
[EventType "swiss"]
[EventRounds "7"]
[EventCountry "AUT"]
[SourceTitle "CBM 172 Extra"]
[Source "ChessBase"]
[SourceDate "2016.06.21"]
[SourceVersion "1"]
[SourceVersionDate "2016.06.21"]
[SourceQuality "1"]

1. e4 c5 2. c3 Nc6 3. d4 cxd4 4. cxd4 e6 5. d5 exd5 6. exd5 Bb4+ 7. Nc3 Qe7+ 8. Be3 Ne5 9. Be2 Nf6 10. Nf3 d6 11. Qa4+ Bd7 12. Qxb4 Nxf3+ 13. Bxf3 Bg4 14. Bxg4 1-0